European National Leagues - Statistics

General Stats
  • This quiz has been taken 15 times
  • The average score is 24 of 54
Answer Stats
Country League % Correct
Israel Premier Leaggue
100%
Armenia Premier League
100%
Azerbaijan Premier League
100%
Belarus Premier League
100%
England Premier League
100%
Faroe Islands Premier League
100%
Kazakhstan Premier League
100%
Malta Premier League
100%
Russia Premier League
100%
Ukraine Premier League
100%
Bosnia and Herzegovina Premier League of Bosnia and Herzegovina
100%
Austria Bundesliga
93%
Germany Bundesliga
93%
Spain La Liga
86%
France Ligue 1
86%
Italy Serie A
86%
Moldova Moldovan Liga
57%
the Netherlands Eredivisie
50%
Sweden Allsvenskan
43%
Norway Eliteserien
43%
Belgium Pro League
43%
Turkey Süper Lig
43%
Serbia SuperLiga
43%
Denmark Danish Superliga
36%
Poland Ekstraklasa
36%
Kosovo Football Superleague of Kosovo
36%
Northern Ireland NIFL Premiership
36%
Scotland Premiership
36%
Switzerland Super League
36%
Greece Super League Greece 1
36%
Ireland League of Ireland Premier Division
29%
Czech Republic First League
21%
Montenegro First League
21%
Croatia Hrvatska nogometna liga
21%
Romania Liga I
21%
Bulgaria Parva Liga
21%
Hungary Nemzeti Bajnokság I
14%
Portugal Primeira Liga
14%
Andorra Primera Divisió
14%
Finland Veikkausliiga
14%
North Macedonia 1. MFL
7%
Lithuania A Lyga
7%
Wales Cymru Premier
7%
Cyprus First Division
7%
Estonia Meistriliiga
7%
Slovenia Prva Liga
7%
Latvia Virsliga
7%
Iceland Besta deild karla
0%
San Marino Campionato Sammarinese di Calcio
0%
Georgia Erovnuli Liga
0%
Slovakia First Football League
0%
Gibraltar Football League
0%
Albania Kategoria Superiore
0%
Luxembourg National Division
0%
No matching quizzes found
Score Distribution
Percent of People with Each Score
Percentile by Number Answered
Your Score History
You have not taken this quiz